000 04024nam a2200409 a 4500
001 00013005
003 WSP
005 20260416153410.0
007 cr |nu|||unuuu
008 221025s2023 si ob 001 0 eng d
010 _a2022037229
020 _a9789811261664
_q(ebook)
020 _a9811261660
_q(ebook)
020 _z9789811261657
_q(hbk.)
040 _aWSPC
_beng
_cWSPC
050 4 _aRS431.P75
072 7 _aSCI
_x049000
_2bisacsh
072 7 _aSCI
_x007000
_2bisacsh
072 7 _aSCI
_x050000
_2bisacsh
082 0 4 _a615.19
_223
049 _aMAIN
245 0 0 _aPeptide and protein engineering for biotechnological and therapeutic applications /
_c[edited by] Pierre Rousselot-Pailley, Olga Iranzo.
260 _aSingapore :
_bWorld Scientific,
_cc2023.
300 _a1 online resource (x, 509 p.)
504 _aIncludes bibliographical references and index.
505 0 _aCis-amide stabilizing proline analogs: synthesis and applications -- Antimicrobial peptides and peptidomimetics as treatment option for Helicobacter pylori infection -- Antimicrobial ribosomally synthesized and post-translationally modified peptides as a source of alternatives to antibiotics: a focus on the Sactipeptides and Ranthipeptides subclasses -- Peptide nanotubes as dynamic materials -- Peptide- and protein-based nanomaterials for theranostics -- Engineering peptidyl and protein glutathione peroxidase mimics -- DNA recognition with artificial metallopeptides -- Recombinant production, isotopic labeling, purification and NMR characterization of cysteine-rich domains: the case of the death receptors involved in cancer treatment -- Substrate binding free energy profiles: probing enzyme-substrate interactions by molecular dynamics simulations -- Peptide-based artificial metalloenzymes by design -- Biohybrid catalysts harboring synthetic metal complexes within [beta]-Barrel proteins -- Chemistry for a better life: elaborating artificial metalloenzymes for eco-compatible chemical synthesis procedures and therapeutic applications.
520 _a"Peptides and proteins are crucial biomolecules in life. The manifold functions they carry out range from molecular recognition and signaling to catalysis and immune response. However, the native systems are limited to a reduced toolbox of chemical functionalities as well as tridimensional structures. Widening these toolboxes could pave the way to engineer peptides and proteins with enhanced properties compared to their native counterparts and/or with structures and functions unprecedented in Nature. Advances in the chemical and biological synthesis of peptides and proteins, in computational tools, in molecular biology and in high-throughput screening methods are making this realm possible. This book aims to give an overview of the last developments in the field of peptide and protein engineering. It comprises a collection of chapters that span from the production of simple non-proteinogenic building blocks and peptidic scaffolds of different sizes and structures to more complex systems including peptide-based nanomaterials, enzymes and artificial metalloenzymes. Different strategies are described where chemical and biological tools have been developed and combined to attain the desired properties and sought functionalities. The diverse systems described in this book highlight the progress in this important field and represent the starting points for the development of functional biomolecules, biomaterials and hybrid systems capable of addressing key societal challenges of our times in relevant areas such health, environment and energy"--
_cPublisher's website.
538 _aMode of access: World Wide Web.
538 _aSystem requirements: Adobe Acrobat Reader.
650 0 _aProtein drugs.
650 0 _aPeptide drugs.
655 0 _aElectronic books.
700 1 _aRousselot-Pailley, Pierre.
700 1 _aIranzo, Olga.
856 4 0 _uhttps://www.worldscientific.com/worldscibooks/10.1142/13005#t=toc
942 _cE-BOOK
999 _c49748
_d49748